Method of Banks Valuation
Hodnotenie bánk a finančných inštitúcií dostupnou metódou. Vyjadrenie FCFE (Free Cash Flow Equity) vo finančných inštitúciách. Determinácia faktora zľavy. Determinácia beta koeficientu. Determinácia nákladov na hodnotu majetku založená na CAPM (príklad Slovenska). Praktické problémy a procedúry hodn...
Saved in:
| Main Author: | |
|---|---|
| Format: | Book Chapter |
| Language: | English |
| Subjects: | |
| Tags: |
No Tags, Be the first to tag this record!
|
MARC
| LEADER | 00000naa a2200000 4500 | ||
|---|---|---|---|
| 001 | 0124390 | ||
| 005 | 20240502083315.6 | ||
| 041 | 0 | |a eng | |
| 044 | |a RS | ||
| 245 | 1 | 0 | |a Method of Banks Valuation |c Eva Horvátová |
| 520 | |a Hodnotenie bánk a finančných inštitúcií dostupnou metódou. Vyjadrenie FCFE (Free Cash Flow Equity) vo finančných inštitúciách. Determinácia faktora zľavy. Determinácia beta koeficientu. Determinácia nákladov na hodnotu majetku založená na CAPM (príklad Slovenska). Praktické problémy a procedúry hodnotenia bánk. | ||
| 610 | 2 | 0 | |a banky |
| 610 | 2 | 0 | |a inštitúcie finančné |
| 610 | 2 | 0 | |a ohodnocovanie podniku |
| 610 | 2 | 0 | |a koeficient beta |
| 610 | 2 | 0 | |a metódy |
| 610 | 2 | 0 | |a Slovensko |
| 100 | 1 | |a Horvátová, Eva, 1958- | |